| 000 | 00762nam a22002297a 4500 | ||
|---|---|---|---|
| 999 |
_c8244 _d8244 |
||
| 003 | AR-CdUCM | ||
| 008 | 190322b ||||| |||| 00| 0 spa d | ||
| 040 |
_aMUNICIPALIDAD PROVINCIAL DEL CUSCO _cBIBLIOTECA MUNICIPAL DEL CUSCO |
||
| 041 | _hger | ||
| 082 |
_a372 / _bG44 |
||
| 100 |
_aGiese, Fritz _923201 |
||
| 245 | _aPsicotecnia / | ||
| 260 |
_aMéxico, D.F : _bNacional, _c1951. |
||
| 300 |
_a191, VIII páginas ; _bilustraciones, diagramas, _c16 cm. |
||
| 505 | _aContenido: La psicotecnia en los problemas fundamentales de la vida humana. | ||
| 650 |
_aPsicología de la educación _97331 |
||
| 650 |
_aAprendiz _923202 |
||
| 650 |
_aEscolar, adulto _923203 |
||
| 700 |
_aGonzáles, Miguel (traducción) _923204 |
||
| 942 |
_2ddc _cLIBROS |
||
| 945 | _aachl | ||